Дело по отношению Департамента государственного казначейства о возврате Саратовскому губернскому попечительному о тюрьмах комите...

Доступно только в Электронных читальных залах Найти на картеНа карте
RUSMARC
00003879nmc2a22000003x 450
001d0a8d17b-3af8-4afd-8e30-46751a0edb63
00520200306115750.0
100##$a20180911l18661873k l0rusy0189 ca
1010#$arus
102##$aRU
2001#$aДело по отношению Департамента государственного казначейства о возврате Саратовскому губернскому попечительному о тюрьмах комитету суммы, употребленной на наем печника для местного тюремного замка, а также об ассигновании сумм на очистку казенных зданий от нечистот
$j3 сентября 1866 г. - 3 июля 1873 г.
251##$cДело
300##$aДело
801#0$aRU
$bРГИА
$c20180911
$gRCR
801#1$aRU
$bГлавНИВЦ
$c20180911
$2rusmarc
801#2$aRU
$bПБ им. Б.Н. Ельцина
$c20200306
$gRCR
$2rusmarc
850##$aРГИА
852##$aРГИА
$eФедеральное казенное учреждение "Российский государственный исторический архив" (РГИА)
$j1220
937##$hРГИА
$d12293167
$aASBIBLIO_SCAN
462#0$1001d8f9f7d4-b5a2-42ce-9901-502471366df6
$12001
$aДела Департамента полиции исполнительной МВД за 1866 год
$1251
$cОпись
$1852
$j27
$l1866 г.
461#0$10013e300ed0-cd39-49af-8489-5ba5b90fa401
$12001
$aДепартамент полиции исполнительной МВД
$1251
$cФонд
$1852
$j1286
215##$a177 л.
$d36,5х26 см
371##$aДокумент не является опубликованным и широко распространяемым
105##$ay###
1222#$ad
035##$ad0a8d17b-3af8-4afd-8e30-46751a0edb63
856##$uhttp://readingroom.main.prlib.ru/item.aspx?id_node=n143233656&mode=full
Формат отображения